| 000 | 00466pab a2200169 454500 | ||
|---|---|---|---|
| 008 | 180718b2011 xxu||||| |||| 00| 0 eng d | ||
| 100 | _aPope, Devin G. | ||
| 245 | _aImplementing anti-discrimination policies in statistical profiling models | ||
| 260 | _c2011 | ||
| 300 | _ap.206-231. | ||
| 362 | _aAug | ||
| 650 | _aStatistical analysis | ||
| 700 | _aSydnor, Justin R. | ||
| 773 | _aAmerican Economic Journal: Economic Policy | ||
| 908 | _aN | ||
| 909 | _a93278 | ||
| 999 |
_c93278 _d93278 |
||